00755nam a22001457a 4500008004100000040003100041041000800072245030400080264000900384653002200393653001500415653001100430653001300441773015500454201127b ||||| |||| 00| 0 eng d aDE-2950bgercDE-2950erda ager a"Mein Sohn hilft mir mit den Hausaufgaben".bBildung. Sandra aus Frankfurt (Oder) ist 45 Jahre alt und geht wieder in die Schule. Sie möchte Erzieherin werden und wiederholt die 10. Klasse, um mit einem besseren Notenschnitt die Voraussetzungen für die Ausbildung zu erfüllen. /cSelim Pekel. c2023 aFrankfurt (Oder)  aAusbildung aSchule aErzieher dFrankfurt (Oder) Märkisches Verlags- und Druckhaus GmbH & Co KGtMärkische Oderzeitungg34. Jahrgang (2023) Nr. 28 vom 02.02.2023, S.15: Mit Foto